|
|
|
|
| LEADER |
02174nam a2200481 a 4500 |
| 001 |
EBC3138412 |
| 003 |
MiAaPQ |
| 005 |
20200520144314.0 |
| 006 |
m o d | |
| 007 |
cr cn||||||||| |
| 008 |
120706s2013 nyud sb 001 0 eng d |
| 010 |
|
|
|z 2012027611
|
| 020 |
|
|
|z 9780801451164 (cloth : alk. paper)
|
| 020 |
|
|
|z 9780801478093 (pbk. : alk. paper)
|
| 020 |
|
|
|a 9780801468056 (electronic bk.)
|
| 035 |
|
|
|a (MiAaPQ)EBC3138412
|
| 035 |
|
|
|a (Au-PeEL)EBL3138412
|
| 035 |
|
|
|a (CaPaEBR)ebr10640267
|
| 035 |
|
|
|a (CaONFJC)MIL681657
|
| 035 |
|
|
|a (OCoLC)829387577
|
| 040 |
|
|
|a MiAaPQ
|c MiAaPQ
|d MiAaPQ
|
| 043 |
|
|
|a n-us---
|a n-mx---
|
| 050 |
|
4 |
|a HD9437.U62
|b S49 2013
|
| 082 |
0 |
4 |
|a 338.1/76500973
|2 23
|
| 100 |
1 |
|
|a Schwartzman, Kathleen Crowley,
|d 1948-
|
| 245 |
1 |
4 |
|a The chicken trail
|h [electronic resource] :
|b following workers, migrants, and corporations across the Americas /
|c Kathleen C. Schwartzman.
|
| 260 |
|
|
|a Ithaca :
|b ILR Press,
|c 2013.
|
| 300 |
|
|
|a xx, 202 p. :
|b ill.
|
| 504 |
|
|
|a Includes bibliographical references and index.
|
| 505 |
0 |
|
|a Why follow chickens? -- Ethnic succession in the south -- Where have all the workers gone? -- Taylorism invades the hen house -- Solving industry crises : pollos y polleros -- Squeezing out Mexican chicken -- Voice : squawking at globalization -- Exit Mexico : si muero lejos de ti -- The global dilemma : summary and reflections.
|
| 533 |
|
|
|a Electronic reproduction. Ann Arbor, MI : ProQuest, 2015. Available via World Wide Web. Access may be limited to ProQuest affiliated libraries.
|
| 650 |
|
0 |
|a Chicken industry
|z United States.
|
| 650 |
|
0 |
|a Chicken industry
|z Mexico.
|
| 650 |
|
0 |
|a Foreign workers, Mexican
|z United States.
|
| 650 |
|
0 |
|a Unemployment
|z United States.
|
| 650 |
|
0 |
|a Unemployment
|z Mexico.
|
| 651 |
|
0 |
|a United States
|x Emigration and immigration.
|
| 651 |
|
0 |
|a Mexico
|x Emigration and immigration.
|
| 651 |
|
0 |
|a United States
|x Commerce
|z Mexico.
|
| 651 |
|
0 |
|a Mexico
|x Commerce
|z United States.
|
| 655 |
|
4 |
|a Electronic books.
|
| 710 |
2 |
|
|a ProQuest (Firm)
|
| 856 |
4 |
0 |
|u https://ebookcentral.proquest.com/lib/matrademy/detail.action?docID=3138412
|z Click to View
|